000 00603nam a2200193Ia 4500
008 090123s9999 xx 000 0 und d
082 _b36835
100 _aचोपडा कमल
245 _aआम्हीही माणसंचं
250 _a1
260 _bशिवम प्रकाशन
_c2004
300 _a134
600 _aचोपडा कमल
630 _aआम्हीही माणसंचं
700 _aकेळकर उज्वला
700 _aचोपडा कमल
730 _aआम्हीही माणसंचं
942 _cBOOK
999 _c74901
_d74901